000
00288nam a22001337a 4500
008
170905b xxu||||| |||| 00| 0 eng d
020
_a
0133308294
041
_a
eng
080
_a
070
100
_a
40
101
_a
MED
245
_a
FROM NEWS TO NEWSPRINT
_c
BOHLE,R.H
942
_2
udc
_c
BK
999
_c
26185
_d
26185